000
00325nam a22001337a 4500
008
241130b |||||||| |||| 00| 0 eng d
022
_a
9772456491008
041
_a
Eng
245
_a
Entrepreneur
260
_a
Delhi
_b
Franchise India Holdings Ltd
_c
2024
300
_a
82;. P.
856
_u
www.entrepreneur.com
942
_c
SR
999
_c
43154
_d
43154